Praxis dispensationvm apostolicarvm ex solidissimo romanae curiae stylo, inconcusseseruato, excerpta praxim quo que officij sacrae poenitentiariae vrbis, illus ordinationem noui status complectens (Record no. 8347)

MARC details
000 -CABECERA
campo de control de longitud fija 01566nam a2200337 a 4500
001 - NÚMERO DE CONTROL
campo de control BRCA_8694
005 - FECHA Y HORA DE LA ÚLTIMA TRANSACCIÓN
campo de control 20190320210353.0
008 - DATOS DE LONGITUD FIJA--INFORMACIÓN GENERAL
campo de control de longitud fija 161216s1669----it-#######---#000-0#lat-#
041 ## - CÓDIGO DE LENGUA
Código de lengua del texto/banda sonora o título independiente lat
044 ## - CÓDIGO DEL PAÍS DE LA ENTIDAD EDITORA/PRODUCTORA
Código MARC del país it
050 #4 - SIGNATURA TOPOGRÁFICA DE LA BIBLIOTECA DEL CONGRESO
Número de clasificación KBU2194.5
Número de documento/Ítem .C67
-- 1669
100 1# - ENTRADA PRINCIPAL--NOMBRE DE PERSONA
Nombre de persona Corrado a Terrano, Pyrrho
9 (RLIN) 21664
245 10 - MENCIÓN DE TÍTULO
Título Praxis dispensationvm apostolicarvm ex solidissimo romanae curiae stylo, inconcusseseruato, excerpta praxim quo que officij sacrae poenitentiariae vrbis, illus ordinationem noui status complectens
Mención de responsabilidad, etc. Pyrrho Corrado a Terrano.
250 ## - MENCIÓN DE EDICIÓN
Mención de edición 3a ed.
260 ## - PUBLICACIÓN, DISTRIBUCIÓN, ETC.
Lugar de publicación, distribución, etc. Venetiis
Nombre del editor, distribuidor, etc. Apud milochum
Fecha de publicación, distribución, etc. 1669
300 ## - DESCRIPCIÓN FÍSICA
Extensión 1 vol. (con varias paginaciones)
Dimensiones 33 cm
500 ## - NOTA GENERAL
Nota general Fondo antiguo
500 ## - NOTA GENERAL
Nota general Se encuentra en Caja Fuerte
500 ## - NOTA GENERAL
Nota general CO-13-58
500 ## - NOTA GENERAL
Nota general Hoja rota de la portada impresa en dos tintas negro y rojo con grabado
500 ## - NOTA GENERAL
Nota general Uso de letras capitulares
500 ## - NOTA GENERAL
Nota general Incluye índices
500 ## - NOTA GENERAL
Nota general Texto en dos columnas
500 ## - NOTA GENERAL
Nota general Con dedicatoria: Illustrissimo, ac reverendissimo Domino D. Felici Tambvrello Episcopo Sorano
500 ## - NOTA GENERAL
Nota general Estado físico: daño por polilla en las hojas del documento, hoja de la portada rota y encuadernación deteriorada del lomo
500 ## - NOTA GENERAL
Nota general Nota de encuadernación: piel pergamino, deteriorada de lomo y esquinas de las tapas
505 0# - NOTA DE CONTENIDO CON FORMATO
Nota de contenido con formato Contiene: Additiones aliqvot svis locis adiiciendae praeter eas qvae in corpore a cap. 4 libri septimi ad inem vsque operis, sunt adiectae
650 14 - PUNTO DE ACCESO ADICIONAL DE MATERIA--TÉRMINO DE MATERIA
Término de materia o nombre geográfico como elemento de entrada Derecho canónico
Término indicativo de función/relación Trabajos anteriores a 1800
9 (RLIN) 21260
902 ## - CATALOGADOR
Iniciales LAR
942 ## - ELEMENTOS DE PUNTO DE ACCESO ADICIONAL (KOHA)
Fuente del sistema de clasificación o colocación Library of Congress Classification
Tipo de ítem Koha Libros
Holdings
Estado de retiro Estado de pérdida Estado dañado No para préstamo Localización permanente Ubicación/localización actual Fecha de adquisición Número de inventario Total de préstamos Signatura topográfica completa Código de barras Fecha visto por última vez Fecha del último préstamo Precio válido a partir de Tipo de ítem Koha
El ejemplar forma parte de la colección y puede ser consultado según las políticas vigentes.       Biblioteca del Museo Franz Mayer (Rogerio Casas-Alatriste) Biblioteca del Museo Franz Mayer (Rogerio Casas-Alatriste) 16/12/2016 CO-13-58 1 KBU2194.5 .C67 1669 (CO-13-58) LAR00187 08/10/2021 08/10/2021 22/03/2019 Libros